000 00654nam a2200205Ia 4500
003 GCL
008 140319s9999 xx 000 0 ara d
040 _aGCL /
_cGCL
082 0 4 _a669.1
_bش ق
100 1 _aشادى ابوسريس
245 1 0 _aقطع المعادن /
_cشادى ابوسريس
250 _aالاولى
260 _aالاردن :
_bمكتبة المجتمع العربى للنشر والتوزيع ،
_c2004
300 _a187 ص ؛
_c24 سم
650 0 4 _aالمعادن
650 0 4 _aاشغال المعادن
650 0 4 _aالمعادن - قطع
650 0 4 _aالمعادن - ادوات القطع
942 _2ddc
_cBK
999 _c38988
_d38988